Bilecik Bilecik Bilecik Bilecik Bilecik

Antik çağdan XXI. yüzyıla büyük İstanbul tarihi : (Record no. 66570)

MARC details
000 -BAŞLIK
Sabit Uzunluktaki Kontrol Alanı 01955nam a22005417a 4500
001 - KONTROL NUMARASI
Control Dosyası 0066131
003 - KONTROL NUMARASI KİMLİĞİ
Kontrol Alanı KOHA_MİRAKIL
005 - EN SON İŞLEM TARİHİ ve ZAMANI
Kontrol Alanı 20260207004632.0
007 - FİZİKSEL TANIM SABİT ALAN - GENEL BİLGİ
Sabit uzunluklu kontrol alanı ta
008 - SABİT UZUNLUKTAKİ VERİ ÖGELERİ - GENEL BİLGİ
Sabit Alan 210707b2015 tu a|||gr||||#0|||0|tur |
020 ## - ISBN - ULUSLARARASI STANDART KİTAP NUMARASI
Isbn 9786059132169(t.k.) 9786059132251(c.1)
020 ## - ISBN - ULUSLARARASI STANDART KİTAP NUMARASI
Isbn 9786059132237(c.2)
020 ## - ISBN - ULUSLARARASI STANDART KİTAP NUMARASI
Isbn 9786059132220(c.3)
020 ## - ISBN - ULUSLARARASI STANDART KİTAP NUMARASI
Isbn 9786059132176(c.4)
020 ## - ISBN - ULUSLARARASI STANDART KİTAP NUMARASI
Isbn 9786059132213(c.5)
020 ## - ISBN - ULUSLARARASI STANDART KİTAP NUMARASI
Isbn 9786059132183(c.6)
020 ## - ISBN - ULUSLARARASI STANDART KİTAP NUMARASI
Isbn 9786059132268(c.7)
020 ## - ISBN - ULUSLARARASI STANDART KİTAP NUMARASI
Isbn 9786059132244(c.8)
020 ## - ISBN - ULUSLARARASI STANDART KİTAP NUMARASI
Isbn 9786059132190(c.9)
020 ## - ISBN - ULUSLARARASI STANDART KİTAP NUMARASI
Isbn 9786059132206(c.10)
040 ## - KATALOGLAMA KAYNAĞI
Özgün Kataloglama Kurumu TR-BiSEU
Kataloglama Dili tur
Çeviri Kurumu TR-BiSEU
Açıklama Kuralları rda
041 0# - DİL KODU
Metin ya da ses kaydının dil kodu tur
044 ## - YAYINLAYAN/ÜRETEN KURULUŞUN ÜLKE KODU
ISO country code tu
050 ## - SINIFLAMA ve YER NUMARASI
Sınıflama Numarası DR719
Yer Numarası .A58 2015
245 0# - ESER ADI BİLDİRİMİ
Başlık Antik çağdan XXI. yüzyıla büyük İstanbul tarihi :
Alt Eseradı vb. toplum/
Sorumluluk Bildirimi proje yöneticisi M. Âkif Aydın ; editör Coşkun Yılmaz .
264 #1 - ÜRERİM, YAYIN, DAĞITIM ve TELİF BİLDİRİMİ
Yayın yeri İstanbul :
Yayınlayan İstanbul Büyükşehir Belediyesi
Yayın tarihi 2015
300 ## - FİZİKSEL TANIMLAMA
Sayfa, Cilt vb. 10 cilt :
Diğer fiziki detaylar resimli ;
Boyutları 30 cm.
336 ## - İÇERİK TÜRÜ
Content type term metin
Content type code txt
Source rdacontent
337 ## - MEDYA TÜRÜ
Media type term aracısız
Media type code n
Source rdamedia
338 ## - TAŞIYICI TÜRÜ
Carrier type term cilt
Carrier type code nc
Source rdacarrier
490 1# - DİZİ BİLDİRİMİ
Dizi Bildirimi Tarih Serisi ;
Cilt Numarası 1
500 ## - GENEL NOT
Genel Not Kaynakça ve dizin var.
650 #0 - KONU BAŞLIĞI EK GİRİŞ - KONU TERİMİ
Konusal terim veya coğrafi ad Mimarlık--İstanbul--Türkiye.
9 (RLIN) 124985
650 #0 - KONU BAŞLIĞI EK GİRİŞ - KONU TERİMİ
Konusal terim veya coğrafi ad Taşımacılık--Türkiye--İstanbul.
9 (RLIN) 124986
650 #0 - KONU BAŞLIĞI EK GİRİŞ - KONU TERİMİ
Konusal terim veya coğrafi ad Architecture--İstanbul--Turkey.
9 (RLIN) 124987
650 #0 - KONU BAŞLIĞI EK GİRİŞ - KONU TERİMİ
Konusal terim veya coğrafi ad Transportation--Turkey--İstanbul.
9 (RLIN) 124988
650 #0 - KONU BAŞLIĞI EK GİRİŞ - KONU TERİMİ
Konusal terim veya coğrafi ad İstanbul(Turkey)--History.
9 (RLIN) 124989
650 #0 - KONU BAŞLIĞI EK GİRİŞ - KONU TERİMİ
Konusal terim veya coğrafi ad İstanbul (Türkiye)--Tarihçe.
9 (RLIN) 124990
650 #0 - KONU BAŞLIĞI EK GİRİŞ - KONU TERİMİ
Konusal terim veya coğrafi ad Istanbul (Turkey) Civilization.
9 (RLIN) 124991
650 #0 - KONU BAŞLIĞI EK GİRİŞ - KONU TERİMİ
Konusal terim veya coğrafi ad İstanbul (Türkiye) Uygarlığı.
9 (RLIN) 124992
650 #0 - KONU BAŞLIĞI EK GİRİŞ - KONU TERİMİ
Konusal terim veya coğrafi ad Istanbul (Turkey)--Social life and customs.
9 (RLIN) 21786
650 #0 - KONU BAŞLIĞI EK GİRİŞ - KONU TERİMİ
Konusal terim veya coğrafi ad İstanbul (Türkiye)--Sosyal yaşam ve gelenekler.
9 (RLIN) 21788
650 #0 - KONU BAŞLIĞI EK GİRİŞ - KONU TERİMİ
Konusal terim veya coğrafi ad Turkey İstanbul--Politics and government.
9 (RLIN) 124993
650 #0 - KONU BAŞLIĞI EK GİRİŞ - KONU TERİMİ
Konusal terim veya coğrafi ad Türkiye İstanbul--Politika ve idare.
9 (RLIN) 124994
830 1# - SERİ EK GİRİŞİ - TEKBİÇİM ESER ADI
Tekbiçim Başlık Tarih Serisi ;
Volume number/sequential designation 1
9 (RLIN) 44017
907 ## - LOCAL DATA ELEMENT G, LDG (RLIN)
a Tarih
942 ## - EK GİRİŞ ÖGELERİ (KOHA)
Source of classification or shelving scheme Library of Congress Classification
Koha item type Book
Holdings
Materyal Türü Kalıcı Konum Mevcut Konum Raf Yeri Sınıflandırma Kaynağı Edinim Bilgisi Ana Konular Alt Konular Yer Numarası Cilt Bilgisi Demirbaş Numarası Fatura Tarihi Geri Çekilme Durumu Kayıp Durumu Hasarlı Durumu Kredi için değil Kayıt Tarih Toplam Ödünçverme Son Görülme Tarihi Son Kontrol Tarihi Genel / Bağış Notu
Book Prof. Dr. Azmi Özcan Kütüphanesi Prof. Dr. Azmi Özcan Kütüphanesi Uluğbey Salonu Library of Congress Classification Bağış DÜNYA TARİHİ (AVRUPA, ASYA, AFRİKA VB.) Balkan Yarımadası DR719 .A58 2015 c.4 0066131 02/02/2026         07/07/2021   05/03/2025 05/03/2025 Genel Bağış